Which city do you see in the picture? - Statistics

General Stats
  • This quiz has been taken 11 times
  • The average score is 5 of 16
Answer Stats
Picture Answer % Correct
Monaco
80%
Athens
70%
Prague
70%
Mostar
50%
Brugge
40%
Köln
40%
Palma de Mallorca
40%
Malmö
30%
Bremen
20%
Marseille
20%
Córdoba
10%
Liverpool
10%
Rotterdam
10%
Cracow
0%
Skopje
0%
Zagreb
0%
No matching quizzes found
Score Distribution
Percent of People with Each Score
Percentile by Number Answered
Your Score History
You have not taken this quiz